A Novel Approach to Authors Quiz Stats

Quiz Updated Mar 7, 2012

Challenge
Share
Tweet
Embed
Score 0/100 Timer 09:00
2 Plays Today
% Correct
UTC by HBS
86.6%
UTC by HBS
86.6%
UTC by HBS
86.6%
UTC by HBS
86.6%
BNW by AH
85.7%
BNW by AH
85.7%
BNW by AH
85.7%
BNW by AH
85.7%
ACO by AB
78.6%
ACO by AB
78.6%
ACO by AB
78.6%
ACO by AB
78.6%
FMF by RD
66.6%
FMF by RD
66.6%
FMF by RD
66.6%
FMF by RD
66.6%
TCP by AW
66.5%
TCP by AW
66.5%
TCP by AW
66.5%
TCP by AW
66.5%
ICB by TC
66%
ICB by TC
66%
ICB by TC
66%
ICB by TC
66%
MSK by JP
61.1%
MSK by JP
61%
MSK by JP
61.1%
MSK by JP
61%
FFA by DK
52.1%
FFA by DK
52.1%
FFA by DK
52.1%
FFA by DK
52.1%
TFA by CA
50.7%
TFA by CA
50.7%
% Correct
TFA by CA
50.7%
TFA by CA
50.7%
SAL by DHL
42.1%
SAL by DHL
42.1%
SAL by DHL
42.1%
SAL by DHL
42.1%
JLS by RB
41.8%
JLS by RB
41.8%
JLS by RB
41.8%
JLS by RB
41.8%
OHB by WSM
40.4%
OHB by WSM
40.4%
OHB by WSM
40.4%
OHB by WSM
40.4%
TTL by VW
39.3%
TTL by VW
39.3%
TTL by VW
39.3%
TTL by VW
39.3%
AAT by TD
38.8%
AAT by TD
38.8%
AAT by TD
38.8%
AAT by TD
38.8%
WSS by JR
37%
WSS by JR
37%
WSS by JR
37%
WSS by JR
37%
EII by JSF
36.5%
EII by JSF
36.5%
EII by JSF
36.5%
EII by JSF
36.5%
OMF by CD
33.8%
OMF by CD
33.8%
OMF by CD
33.8%
OMF by CD
33.8%
% Correct
RAR by JU
29.6%
RAR by JU
29.6%
RAR by JU
29.6%
RAR by JU
29.6%
SCU by WL
29.4%
SCU by WL
29.4%
SCU by WL
29.4%
SCU by WL
29.4%
LIA by WF
24.8%
LIA by WF
24.8%
LIA by WF
24.8%
LIA by WF
24.8%
OCB by IM
21.7%
OCB by IM
21.7%
OCB by IM
21.7%
OCB by IM
21.7%
GLA by EC
18.9%
GLA by EC
18.9%
GLA by EC
18.9%
GLA by EC
18.9%
OTT by AQ
15.7%
OTT by AQ
15.7%
OTT by AQ
15.7%
OTT by AQ
15.7%
AOR by WS
14.8%
AOR by WS
14.8%
AOR by WS
14.8%
AOR by WS
14.8%
DUD by CH
11%
DUD by CH
11%
DUD by CH
11%
DUD by CH
11%

You're not logged in!

Compare scores with friends on all Sporcle quizzes.
Sign Up with Email
OR
Log In

You Might Also Like...

Show Comments

Extras

Top Quizzes Today


Score Distribution

Your Account Isn't Verified!

In order to create a playlist on Sporcle, you need to verify the email address you used during registration. Go to your Sporcle Settings to finish the process.